|
|
|
|
| LEADER |
01149nam a2200301 a 4500 |
| 001 |
AAL 2447 |
| 003 |
BD-DhAAL |
| 005 |
20160209173405.0 |
| 008 |
150208s1992 nyu bs 001 0 eng |
| 010 |
|
|
|a 92000992
|
| 020 |
|
|
|a 0471547344 (Cloth)
|
| 040 |
|
|
|a DLC
|c DLC
|d DLC
|d BD-DhAAL
|
| 050 |
0 |
0 |
|a HC244
|b .Z593 1992
|
| 082 |
0 |
0 |
|a 330.947
|2 20
|
| 999 |
|
|
|c 33604
|d 33604
|
| 999 |
|
|
|c 33604
|
| 100 |
1 |
|
|a Zonis, Marvin,
|d 1936-
|9 8043
|
| 245 |
1 |
4 |
|a The East European opportunity :
|b the complete business guide and sourcebook /
|c by Marvin Zonis, Dwight Semler.
|
| 260 |
|
|
|a New York :
|b Wiley,
|c 1992.
|
| 300 |
|
|
|a x, 438 p. :
|b maps ;
|c 26 cm.
|
| 500 |
|
|
|a Includes bibliographical references (p. 425-427) and indexes.
|
| 541 |
|
|
|e 2447
|
| 651 |
|
0 |
|a Europe, Eastern
|x Economic conditions
|y 1989-
|9 7907
|
| 651 |
|
0 |
|a Europe, Eastern
|x Politics and government
|y 1989-
|9 8044
|
| 651 |
|
0 |
|a Europe, Eastern
|v Statistics.
|9 8045
|
| 700 |
1 |
|
|a Semler, Dwight.
|9 8046
|
| 942 |
|
|
|2 ddc
|c BK
|
| 952 |
|
|
|0 0
|1 0
|2 ddc
|4 0
|6 330_947000000000000_ZON
|7 0
|9 52490
|a SCL
|b SCL
|c GEN
|d 2015-02-08
|e Gift: The Asia Foundation
|l 0
|o 330.947 ZON
|p 3020002447
|r 2015-02-08
|t 1
|w 2015-02-08
|y BK
|